Normal view
MARC view
- Leadership. Business. Self help. Management
Entry Topical Term
001 - CONTROL NUMBER
- control field: 86733
003 - CONTROL NUMBER IDENTIFIER
- control field: OSt
005 - DATE AND TIME OF LATEST TRANSACTION
- control field: 20251007113043.0
008 - FIXED-LENGTH DATA ELEMENTS
- fixed length control field: 251007|| aca||aabn | a|a d
040 ## - CATALOGING SOURCE
- Original cataloging agency: OSt
- Transcribing agency: OSt
150 ## - HEADING--TOPICAL TERM
- Topical term or geographic name as entry element: Leadership. Business. Self help. Management
670 ## - SOURCE DATA FOUND
- Source citation: Work cat.: (OSt)49615: Maxwell, John C. 86732, The 17 indisputable law of teamwork :